000 00575nam a2200181 i 4500
001 39969
003 ES-MaACL
005 20231227173102.0
007 t|
008 030304s1962 sp ||||1| spa d
100 1 _aCarroll, Phil.
_935846
245 1 0 _aControl de costes por el mando intermedio /
_cpor Phil Carroll ; [traducción por Ricardo de Cierva y de Hoces].
260 _aMadrid :
_bRiver,
_c[1962]
300 _a299 p. :
_bil. ;
_c22 cm.
700 1 _aCierva, Ricardo de la,
_d1926-2015
_938790
852 _aES-MaACL
_jC-22550
_bR.51326
999 _c39969
_d39969